Platobný styk v réžii centrálnej banky zlacnie

Centrálna banka zabezpečí platobný styk namiesto Bankového zúčtovacieho centra Slovenska za pätinové ceny. Náklady bánk sa od r. 2003 znížia. Informačný systém Bankového zúčtovacieho centra Slovenska (BZCS), a.s. Bratislava je zastaraný a jeho obnova veľmi nákladná. Prevádzku domáceho platobného sty...

Ausführliche Beschreibung

Gespeichert in:
Bibliographische Detailangaben
1. Verfasser: Vavřinková, Jana
Format: Buchkapitel
Sprache:Slowakisch
Schlagworte:
Tags: Tag hinzufügen
Keine Tags, Fügen Sie das erste Tag hinzu!

MARC

LEADER 00000naa a2200000 4500
001 r046571
005 20230921113704.1
041 0 |a slo 
044 |a SK 
245 1 0 |a Platobný styk v réžii centrálnej banky zlacnie  |c Jana Vavřinková 
520 |a Centrálna banka zabezpečí platobný styk namiesto Bankového zúčtovacieho centra Slovenska za pätinové ceny. Náklady bánk sa od r. 2003 znížia. Informačný systém Bankového zúčtovacieho centra Slovenska (BZCS), a.s. Bratislava je zastaraný a jeho obnova veľmi nákladná. Prevádzku domáceho platobného styku prevzala centrálna banka. 
610 2 0 |a styk platobný 
610 2 0 |a znižovanie cien 
610 2 0 |a náklady 
610 2 0 |a systémy informačné 
610 2 0 |a akcionári 
610 2 0 |a NBS Bratislava 
610 2 0 |a Bankové zúčtovacie centrum Slovenska, a.s. Bratislava 
610 2 0 |a banky centrálne 
100 1 |a Vavřinková, Jana